|
|
|
|
| LEADER |
01437nam a22003494a 4500 |
| 001 |
31481 |
| 003 |
BD-DhAAL |
| 005 |
20211128155837.0 |
| 008 |
161207s2010 ohua b 001 0 eng |
| 999 |
|
|
|c 37907
|d 37907
|
| 010 |
|
|
|a 2009934717
|
| 020 |
|
|
|a 9780324359954
|
| 020 |
|
|
|a 0324359950
|
| 020 |
|
|
|a 9781439081013 (student ed. with Qualtrics)
|
| 020 |
|
|
|a 1439081018 (student ed. with Qualtrics)
|
| 040 |
|
|
|a DLC
|c DLC
|d DLC
|d BD-DhAAL
|
| 050 |
0 |
0 |
|a HF5415.2
|b .C5 2010
|
| 082 |
0 |
0 |
|a 658.83
|
| 100 |
1 |
|
|a Churchill, Gilbert A.
|9 20789
|
| 245 |
1 |
0 |
|a Marketing research :
|b methodological foundations /
|c Gilbert Churchill, Dawn Lacobucci.
|
| 250 |
|
|
|a 10th Ed.
|
| 260 |
|
|
|a Australia ;
|a Mason, OH :
|b South-Western/Cengage Learning,
|c c2010.
|
| 300 |
|
|
|a xx, 604 p. :
|b col. ill. ;
|c 26 cm.
|
| 504 |
|
|
|a Includes bibliographical references and indexes.
|
| 526 |
|
|
|a BBS
|
| 541 |
|
|
|e 31481, 31482
|
| 650 |
|
0 |
|a Marketing research.
|9 20790
|
| 650 |
|
0 |
|a Business & finance.
|9 43232
|
| 700 |
1 |
|
|a Iacobucci, Dawn.
|9 20791
|
| 942 |
|
|
|2 ddc
|c BK
|
| 952 |
|
|
|0 0
|1 0
|2 ddc
|4 0
|6 658_830000000000000_CHU
|7 0
|9 59826
|a BRACUL
|b BRACUL
|c GEN
|d 2016-11-10
|e Trim Education
|g 5995.00
|l 0
|o 658.83 CHU
|p 3010031481
|r 2016-11-22
|t 1
|v 5995.00
|w 2016-11-10
|y BK
|
| 952 |
|
|
|0 0
|1 0
|2 ddc
|4 0
|6 658_830000000000000_CHU
|7 0
|9 59827
|a BRACUL
|b BRACUL
|c GEN
|d 2016-11-10
|e Trim Education
|g 5995.00
|l 1
|m 1
|o 658.83 CHU
|p 3010031482
|r 2017-08-20
|s 2016-12-15
|t 2
|v 5995.00
|w 2016-11-10
|y BK
|